Ligue des Champions 2024-2025: Clubs éliminés (Mort subite) - Statistiques

Statistiques générales
  • Ce quiz a été pris 828 fois
  • Le résultat moyen est 6 sur 12
Answers on the Grid
Answers color-coded by a green-red scale on the quiz's grid according to % correct below.
Dinamo Zagreb
VfB Stuttgart
Chakhtar Donetsk
Bologne
Etoile Rouge Belgrade
Strum Graz
Sparta Prague
RB Leipzig
Gérone
RB Salzbourg
Slovan Bratislava
Young Boys Berne
Liverpool
FC Barcelone
Arsenal
Inter Milan
Atlético Madrid
Bayer Leverkusen
Lille
Aston Villa
Atalanta Bergame
Borussia Dortmund
Real Madrid
Bayer Munich
Milan AC
PSV Eindhoven
Paris SG
Benfica Lisbonne
Monaco
Brest
Feyenoord Rotterdam
Juventus Turin
Celtic Glasgow
Manchester City
Sporting CP
Club Brugges
 
Statistiques - réponses
Réponse % Correct
29 Etoile Rouge Belgrade
54%
33 Gérone
54%
35 Slovan Bratislava
53%
30 Strum Graz
52%
36 Young Boys Berne
52%
25 Dinamo Zagreb
50%
27 Chakhtar Donetsk
49%
31 Sparta Prague
48%
28 Bologne
47%
34 RB Salzbourg
47%
26 VfB Stuttgart
46%
32 RB Leipzig
44%
Aucun quiz correspondant
Distribution des résultats
% des personnes avec chaque résultat
Percentile par nombre de réponses
Votre historique - résultats
Vous n’avez pas pris ce quiz